Indonesia Historical Figure #1 - Statistics

General Stats
  • This quiz has been taken 103 times
  • The average score is 8 of 15
Answer Stats
Picture Answer % Correct
Sukarno
100%
Kartini
93%
Mohammad Hatta
92%
Diponegoro
80%
Sudirman
74%
Ahmad Yani
63%
Sutomo
61%
Tan Malaka
56%
Agus Salim
46%
Sutan Syahrir
36%
Ki Hadjar Dewantara
32%
Rasuna Said
32%
Ngurah Rai
23%
Cokroaminoto
22%
Halim Perdanakusuma
20%
No matching quizzes found
Score Distribution
Percent of People with Each Score
Percentile by Number Answered
Your Score History
You have not taken this quiz